| 000 | 00432cam a2200181 4500 | ||
|---|---|---|---|
| 001 | D6881 | ||
| 008 | 090401t1982 xxu||||| |||| 00| 0 eng d | ||
| 035 | _a(Sirsi) u3728 | ||
| 041 | _aeng | ||
| 050 | _a306.1 | ||
| 100 | _aMaclennan, Duncan | ||
| 245 | _aHousing economics: an applied approach | ||
| 260 |
_aLondon _bLongman Group Ltd _c1982 |
||
| 300 | _aiv. 300p. 21cm | ||
| 350 | _a7.95 | ||
| 942 | _n0 | ||
| 948 | _c04/03/1997 | ||
| 999 |
_c85927 _d85927 |
||